00577cam a22002291 4500001001300000003000400013005001700017008004100034010001700075035002000092040001800112042001200130050001800142100002800160245002600188260001000214300002500224500001400249504003100263650003600294999001700330sa 67004491 DLC20260227112347.0890621s1967 ii b 000 0 hino  asa 67004491  a(OCoLC)19906019 aDLCcWaUdDLC apremarc00aPK2033b.S4641 aSharma, Rajnath,d1922-10aĀdhunika sāhitya. c1967. a2, 2, 201 p.c23 cm. aIn Hindi. aBibliographical footnotes. 0aHindi literaturey20th century. c74526d74526